BUBT Library Online Catalog

Mulla on Transfer of Property Act/ (Record no. 7150)

000 -LEADER
fixed length control field 00677nam a22002177a 4500
003 - CONTROL NUMBER IDENTIFIER
control field BUBTL
008 - FIXED-LENGTH DATA ELEMENTS--GENERAL INFORMATION
fixed length control field 231120b ||||| |||| 00| 0 eng d
041 ## - LANGUAGE CODE
Language code of text/sound track or separate title eng
082 ## - DEWEY DECIMAL CLASSIFICATION NUMBER
Classification number 340/ K5271m/ 1987
100 ## - MAIN ENTRY--PERSONAL NAME
Personal name Khan, Sardar Muhammad Iqbal Mokal
9 (RLIN) 5587
245 ## - TITLE STATEMENT
Title Mulla on Transfer of Property Act/
Statement of responsibility, etc. Sardar Muhammad Iqbal Khan Mokal
260 ## - PUBLICATION, DISTRIBUTION, ETC. (IMPRINT)
Place of publication, distribution, etc. Lahore :
Name of publisher, distributor, etc. Law Publishing Company,
Date of publication, distribution, etc. 1987
300 ## - PHYSICAL DESCRIPTION
Extent 1143 p.
Dimensions 21 cm.
500 ## - GENERAL NOTE
General note Include Glossary and Note
505 ## - FORMATTED CONTENTS NOTE
Formatted contents note Mulla on Transfer of Property Act, Sardar Muhammad Iqbal Khan Mokal, Law
526 ## - STUDY PROGRAM INFORMATION NOTE
Program name Law
650 #0 - SUBJECT ADDED ENTRY--TOPICAL TERM
9 (RLIN) 5586
Topical term or geographic name as entry element Property Act Law
856 ## - ELECTRONIC LOCATION AND ACCESS
Password 0
Logon 0
Link text Download
942 ## - ADDED ENTRY ELEMENTS (KOHA)
Source of classification or shelving scheme
Koha item type Books

No items available.

More Information About Library

Library Hours

  • Open: 9.00 am. to 9.00 pm.
  • Only Sunday: 9.00 am. to 6.00 pm.
  • Closed: Holiday

Contact to the University

Bangladesh University of Business and Technology Library

  • Mirpurl-2, 1216.
  • Phone:
  • Fax:
  • E-Mail: admin.library@bubt.edu.bd

Contact to the Library

Contact Person:

Md. Abdul Hakim Shah
Joint Librarian
PABX No:  113
Cell No: 01816332931
E-mail: official: admin.library@bubt.edu.bd
Personal: hakim.shah@bubt.edu.bd


BUBT Library

Copyright © 2021